000 00622cam a22002411 4500
001 sa 65005878
003 DLC
005 20260227112139.0
008 890918s1964 ii 000 0 telo
010 _asa 65005878
035 _a(OCoLC)20361309
040 _aDLC
_cWaU
_dDLC
042 _apremarc
043 _aa-ii---
050 0 0 _aDS481.S58
_bR27
100 1 _aRādhākr̥ṣṇamūrti, Ponnalūri.
245 1 0 _aManyaṃlō viplavaṃ.
260 _c[1964]
300 _a207 p.
_c19 cm.
500 _aIn Telugu.
600 1 0 _aSitaramaraju, Alluri,
_d1897-1924?
651 0 _aAndhra Pradesh (India)
_xHistory.
999 _c64435
_d64435